Football Top Scorers since 2010 - Statistics

General Stats
  • This quiz has been taken 4,317 times
    4,190 since last reset
  • The average score is 18 of 36
Answer Stats
# of Golden Boots Answer % Correct
8 Lionel Messi
99%
4 Cristiano Ronaldo
98%
7 Robert Lewandowski
95%
4 Kylian Mbappe
94%
3 Mohamed Salah
93%
3 Harry Kane
88%
2 Luis Suarez
84%
1 Karim Benzema
81%
1 Sergio Aguero
74%
4 Zlatan Ibrahimovic
74%
1 Sadio Mane
71%
3 Edinson Cavani
66%
1 Heung-min Son
66%
2 Pierre Emerick Aubameyang
61%
1 Jamie Vardy
59%
4 Ciro Immobile
56%
1 Didier Drogba
53%
2 Robin van Persie
53%
1 Gonzalo Higuain
48%
1 Mario Gomez
37%
1 Olivier Giroud
37%
1 Carlos Tevez
35%
2 Edin Dzeko
33%
1 Alexandre Lacazette
30%
1 Dimitar Berbatov
28%
1 Wissam Ben Yedder
27%
2 Mauro Icardi
26%
1 Fabio Quagliarella
20%
1 Luca Toni
18%
2 Antonio Di Natale
17%
1 Klaas-Jan Huntelaar
11%
1 Stefan Kiessling
10%
1 Alexander Meier
8%
1 Nene
6%
1 Mamadou Niang
5%
1 Moussa Sow
5%
No matching quizzes found
Score Distribution
Percent of People with Each Score
Percentile by Number Answered
Your Score History
You have not taken this quiz since the last reset